[Event "CHN-chT Div-B"]
[Site "Hainan"]
[Date "2023.02.06"]
[Round "2"]
[White "Liu, Yiming1111"]
[Black "Yu, Kaifeng"]
[Result "0-1"]
[WhiteElo "1482"]
[BlackElo "2344"]
[PlyCount "82"]
[EventDate "2023.02.06"]
[EventType "team-tourn"]
[EventRounds "9"]
[EventCountry "CHN"]
[SourceTitle "CBM 213 Extra"]
[Source "ChessBase"]
[SourceDate "2023.05.31"]
[SourceVersion "1"]
[SourceVersionDate "2023.05.31"]
[SourceQuality "1"]
[WhiteTeam "Hebei"]
[BlackTeam "Shenzhen Yinsheng CA"]
[WhiteTeamCountry "CHN"]
[BlackTeamCountry "CHN"]

1. e4 c5 2. Nf3 d6 3. d4 cxd4 4. Nxd4 Nf6 5. Nc3 a6 6. Be3 e5 7. Nb3 Be7 8. f3 Be6 9. Qd2 0-0 10. 0-0-0 a5 11. a4 Nc6 12. g4 Nb4 13. Kb1 Rc8 14. g5 Nh5 15. Rg1 f5 16. gxf6 Rxf6 17. Bg5 Rxf3 18. Bxe7 Qxe7 19. Qxd6 Qxd6 20. Rxd6 Bxb3 21. cxb3 Nf6 22. Bc4+ Kh8 23. Rgd1 h5 24. Be6 Rb8 25. Rg1 Nc6 26. Re1 Nd4 27. Nd5 Nxb3 28. Ne7 Nc5 29. Ng6+ Kh7 30. Bf5 Rf2 31. Ne7+ Kh8 32. Red1 Re8 33. Rd8 g6 34. Nxg6+ Kg7 35. Rxe8 Nxe8 36. Rd5 Nxa4 37. Rxe5 Nd6 38. Re7+ Kh6 39. Re5 Rxb2+ 40. Ka1 Nb5 41. Bd7 Nbc3 0-1

[Event "New Star Super m"]
[Site "Beijing"]
[Date "2019.12.09"]
[Round "1.2"]
[White "Wang, Shixu B"]
[Black "Yu, Kaifeng"]
[Result "1-0"]
[WhiteElo "2333"]
[BlackElo "2235"]
[PlyCount "103"]
[EventDate "2019.12.09"]
[EventType "k.o. (rapid)"]
[EventRounds "5"]
[EventCountry "CHN"]
[SourceTitle "EXT 2021"]
[Source "ChessBase"]
[SourceDate "2020.10.23"]
[SourceVersion "1"]
[SourceVersionDate "2020.10.23"]
[SourceQuality "1"]

1. d4 d6 2. Nf3 Nf6 3. g3 g6 4. b3 Bg7 5. Bb2 Na6 6. Bg2 c5 7. 0-0 0-0 8. c4 Ne4 9. Nbd2 Nxd2 10. Qxd2 Rb8 11. Rfd1 b5 12. dxc5 Bxb2 13. Qxb2 Nxc5 14. cxb5 Rxb5 15. Rac1 Bd7 16. Nd4 Rb6 17. h4 h5 18. Qd2 Qb8 19. Qh6 Rc8 20. Qg5 Re8 21. Qh6 Ne6 22. Nc6 Bxc6 23. Bxc6 Rc8 24. Bd5 Nf8 25. Rxc8 Qxc8 26. Rc1 Qd8 27. Qg5 Rb8 28. Kg2 Qd7 29. Bc6 Qd8 30. Rc4 Rc8 31. Bd5 Rxc4 32. Bxc4 Qc7 33. g4 hxg4 34. Qxg4 Qc5 35. Qg5 Qxg5+ 36. hxg5 Nd7 37. b4 e6 38. a4 Kf8 39. Bb5 Nb8 40. e4 Ke7 41. f4 a6 42. Bc4 Kd7 43. Kf3 Kc7 44. Ke3 Nc6 45. Bxa6 Nxb4 46. Bb5 Kd8 47. a5 e5 48. fxe5 dxe5 49. Kd2 Na2 50. Kc2 Kc7 51. Kb3 Nc1+ 52. Kb2 1-0

[Event "CHN-chT2"]
[Site "Jiangmen"]
[Date "2018.07.14"]
[Round "8.3"]
[White "Yu, Kaifeng"]
[Black "Li, Bo"]
[Result "1-0"]
[WhiteElo "2375"]
[BlackElo "2361"]
[PlyCount "87"]
[EventDate "2018.07.10"]
[EventType "team-swiss"]
[EventRounds "11"]
[EventCountry "CHN"]
[SourceTitle "EXT 2019"]
[Source "ChessBase"]
[SourceDate "2018.10.10"]
[SourceVersion "1"]
[SourceVersionDate "2018.10.10"]
[SourceQuality "1"]
[WhiteTeam "Shenzhen Chess Academy"]
[BlackTeam "Xiamen QiSiYiXiang"]
[WhiteTeamCountry "CHN"]
[BlackTeamCountry "CHN"]

1. d4 Nf6 2. c4 e6 3. Nf3 d5 4. Nc3 c6 5. e3 Nbd7 6. Bd3 Bd6 7. 0-0 0-0 8. e4 dxc4 9. Bxc4 e5 10. Bg5 Qe7 11. d5 Nb6 12. Bb3 Rd8 13. dxc6 bxc6 14. Nh4 Be6 15. Qf3 h6 16. Nf5 Bxf5 17. Bxf6 Qxf6 18. exf5 Bf8 19. Ne4 Qh4 20. g3 Qh3 21. Rac1 Rac8 22. Rfe1 c5 23. Nc3 c4 24. Bc2 Nd7 25. Nd5 Nf6 26. Nxf6+ gxf6 27. Rcd1 Rxd1 28. Qxd1 h5 29. Re4 Qxf5 30. Rxc4 Qe6 31. Qxh5 Bg7 32. Rxc8+ Qxc8 33. Qh7+ Kf8 34. Qd3 Bh6 35. h4 Qc5 36. Qh7 Bc1 37. Bb3 Qc7 38. h5 Bg5 39. h6 Qc1+ 40. Kh2 Ke7 41. Qxf7+ Kd6 42. h7 Qxb2 43. Kg2 Qd4 44. h8Q 1-0

[Event "CHN-chT2"]
[Site "Jiangmen"]
[Date "2018.07.11"]
[Round "3.2"]
[White "Bacrot, Etienne"]
[Black "Yu, Kaifeng"]
[Result "1/2-1/2"]
[WhiteElo "2710"]
[BlackElo "2375"]
[PlyCount "76"]
[EventDate "2018.07.10"]
[EventType "team-swiss"]
[EventRounds "11"]
[EventCountry "CHN"]
[SourceTitle "EXT 2019"]
[Source "ChessBase"]
[SourceDate "2018.10.10"]
[SourceVersion "1"]
[SourceVersionDate "2018.10.10"]
[SourceQuality "1"]
[WhiteTeam "Chongqing Kowloon Kylin"]
[BlackTeam "Shenzhen Chess Academy"]
[WhiteTeamCountry "CHN"]
[BlackTeamCountry "CHN"]

1. d4 f5 2. c4 Nf6 3. Nf3 g6 4. g3 Bg7 5. Bg2 0-0 6. 0-0 d6 7. Nc3 Qe8 8. d5 Na6 9. Nd4 Bd7 10. Rb1 Nc5 11. b4 Nce4 12. Nxe4 Nxe4 13. Bb2 a5 14. b5 e5 15. dxe6 Bxe6 16. Qc2 Bf7 17. e3 Qe7 18. Ne2 Bxb2 19. Rxb2 Rae8 20. Rd1 b6 21. Nc3 Nxc3 22. Qxc3 Qe5 23. Qxe5 Rxe5 24. Rd4 Rc5 25. Rc2 Kg7 26. f4 Kf6 27. Kf2 Be6 28. Ke2 Re8 29. Kd3 Rd8 30. a4 Rd7 31. Bc6 Re7 32. Bf3 Rd7 33. Rc3 Re7 34. Rc1 Rd7 35. Rc2 Re7 36. Re2 Rd7 37. Bc6 Re7 38. Re1 Bd7 1/2-1/2

[Event "Shanghai Gulf Cup 2nd"]
[Site "Shanghai"]
[Date "2018.03.30"]
[Round "5"]
[White "Yu, Kaifeng"]
[Black "Xiang, Zeyu"]
[Result "1-0"]
[WhiteElo "2389"]
[BlackElo "2400"]
[PlyCount "57"]
[EventDate "2018.03.27"]
[EventType "tourn"]
[EventRounds "7"]
[EventCountry "CHN"]
[EventCategory "7"]
[SourceTitle "CBM 183 Extra"]
[Source "ChessBase"]
[SourceDate "2018.04.19"]
[SourceVersion "1"]
[SourceVersionDate "2018.04.19"]
[SourceQuality "1"]

1. d4 Nf6 2. c4 e6 3. Nf3 d5 4. Nc3 c5 5. e3 Nc6 6. a3 dxc4 7. Bxc4 cxd4 8. exd4 Be7 9. 0-0 0-0 10. Re1 a6 11. Ba2 h6 12. Be3 Qd6 13. Qd2 Nd5 14. Ne4 Qc7 15. Bxh6 gxh6 16. Qxh6 f6 17. Nc3 Rd8 18. Qg6+ Kf8 19. Re4 f5 20. Re5 Nxd4 21. Qh6+ Ke8 22. Qh8+ Kf7 23. Qh7+ Kf8 24. Nxd5 Nxf3+ 25. gxf3 Rxd5 26. Qh8+ Kf7 27. Bxd5 exd5 28. Rae1 Bd6 29. Re8 1-0

[Event "Shanghai Gulf Cup 2nd"]
[Site "Shanghai"]
[Date "2018.03.28"]
[Round "3"]
[White "Yu, Kaifeng"]
[Black "Lin, Yi1111"]
[Result "1/2-1/2"]
[WhiteElo "2389"]
[BlackElo "2360"]
[PlyCount "65"]
[EventDate "2018.03.27"]
[EventType "tourn"]
[EventRounds "7"]
[EventCountry "CHN"]
[EventCategory "7"]
[SourceTitle "CBM 183 Extra"]
[Source "ChessBase"]
[SourceDate "2018.04.19"]
[SourceVersion "1"]
[SourceVersionDate "2018.04.19"]
[SourceQuality "1"]

1. d4 Nf6 2. c4 e6 3. Nf3 d5 4. g3 Bb4+ 5. Bd2 Be7 6. Bg2 0-0 7. 0-0 c6 8. Qc2 b6 9. Bf4 Bb7 10. Rd1 Nbd7 11. Nc3 dxc4 12. Nd2 Nd5 13. Nxc4 Nxf4 14. gxf4 Qc7 15. e3 Rad8 16. Rac1 c5 17. d5 exd5 18. Nxd5 Bxd5 19. Rxd5 b5 20. Ne5 Nxe5 21. Rxe5 Bd6 22. Rd5 Be7 23. Re5 Bd6 24. Rh5 g6 25. Rd5 a6 26. b3 Qb6 27. Rcd1 Be7 28. Rxd8 Rxd8 29. Rxd8+ Qxd8 30. a4 Qb6 31. Bf1 bxa4 32. bxa4 a5 33. Qc4 1/2-1/2

[Event "Shanghai Gulf Cup 2nd"]
[Site "Shanghai"]
[Date "2018.03.27"]
[Round "1"]
[White "Yu, Kaifeng"]
[Black "Liu, Yan"]
[Result "1-0"]
[WhiteElo "2389"]
[BlackElo "2476"]
[PlyCount "119"]
[EventDate "2018.03.27"]
[EventType "tourn"]
[EventRounds "7"]
[EventCountry "CHN"]
[EventCategory "7"]
[SourceTitle "CBM 183 Extra"]
[Source "ChessBase"]
[SourceDate "2018.04.19"]
[SourceVersion "1"]
[SourceVersionDate "2018.04.19"]
[SourceQuality "1"]

1. d4 Nf6 2. c4 e6 3. Nf3 b6 4. g3 Bb7 5. Bg2 Be7 6. 0-0 0-0 7. Nc3 Ne4 8. Qc2 Nxc3 9. Qxc3 c5 10. b3 Bf6 11. Bb2 cxd4 12. Nxd4 Bxg2 13. Kxg2 Nc6 14. Qd3 Bxd4 15. Bxd4 d5 16. Bb2 dxc4 17. Qxc4 Qd7 18. Rfd1 Qb7 19. Kg1 Rac8 20. Qg4 f5 21. Qc4 Nd8 22. Qb5 Nf7 23. Rd7 Rc7 24. Rad1 a6 25. Qa4 b5 26. Qd4 e5 27. Rxc7 Qxc7 28. Qd7 Qxd7 29. Rxd7 Rc8 30. Re7 h5 31. Bxe5 Rc2 32. Bd4 Rxa2 33. b4 a5 34. bxa5 Rxa5 35. Rb7 Ra4 36. e3 Rb4 37. h4 Rb1+ 38. Kg2 b4 39. Kf3 b3 40. Kf4 Kf8 41. Bc5+ Kg8 42. Kxf5 Rf1 43. f4 Rg1 44. e4 Rxg3 45. e5 Nh6+ 46. Ke4 Kh7 47. e6 Ng8 48. Bd4 Rg2 49. Kf3 Rg6 50. f5 Rg4 51. Be5 Kh6 52. e7 Nxe7 53. Rxe7 Rxh4 54. Bf4+ g5 55. Re6+ Kh7 56. Bxg5 Rb4 57. Re7+ Kg8 58. f6 Rb5 59. f7+ Kf8 60. Bh6+ 1-0

[Event "CHN-chB"]
[Site "Qinhuangdao"]
[Date "2017.07.19"]
[Round "8"]
[White "Yu, Kaifeng"]
[Black "Liu, Yan"]
[Result "1/2-1/2"]
[WhiteElo "2366"]
[BlackElo "2421"]
[PlyCount "128"]
[EventDate "2017.07.16"]
[EventType "swiss"]
[EventRounds "11"]
[EventCountry "CHN"]
[SourceTitle "CBM 179 Extra"]
[Source "ChessBase"]
[SourceDate "2017.08.23"]
[SourceVersion "1"]
[SourceVersionDate "2017.08.23"]
[SourceQuality "1"]

1. d4 Nf6 2. c4 e6 3. Nf3 b6 4. g3 Bb7 5. Bg2 Be7 6. 0-0 0-0 7. Nc3 Ne4 8. Qc2 Nxc3 9. Qxc3 c5 10. Rd1 d6 11. Bf4 Nc6 12. d5 Nd4 13. Nxd4 cxd4 14. Qd3 e5 15. Bc1 Rc8 16. e3 dxe3 17. Bxe3 Bg5 18. Bxg5 Qxg5 19. Qa3 Qe7 20. Qxa7 Qc7 21. Qa3 f5 22. Rac1 Ra8 23. Qb3 f4 24. a3 Bc8 25. Re1 Qc5 26. Qc2 Bg4 27. b4 Qc8 28. c5 bxc5 29. bxc5 f3 30. Bf1 Bf5 31. Qc3 Qxc5 32. Qxc5 dxc5 33. Rxe5 Rxa3 34. d6 g6 35. Rexc5 Rd8 36. Rd1 Kf7 37. Rc7+ Rd7 38. Rxd7+ Bxd7 39. Re1 Kf6 40. Re7 Bf5 41. Re1 Bd7 42. h4 h6 43. Bc4 Rc3 44. Bd5 Rd3 45. Be4 Rxd6 46. Bxf3 g5 47. Kg2 Rd4 48. hxg5+ hxg5 49. Rc1 Rd6 50. Rc5 Be6 51. Be4 Rd4 52. Kf3 Rb4 53. Ke3 Rb3+ 54. Bd3 Ra3 55. f4 gxf4+ 56. gxf4 Bd7 57. Rh5 Be8 58. Rh6+ Kg7 59. Rb6 Bf7 60. Rc6 Be8 61. Rc5 Kf6 62. Rd5 Bf7 63. Rd4 Be8 64. Rb4 Bg6 1/2-1/2

[Event "CHN Team"]
[Site "Beijing"]
[Date "2017.06.14"]
[Round "9.2"]
[White "Yu, Kaifeng"]
[Black "Ma, Zhonghan"]
[Result "1/2-1/2"]
[WhiteElo "2270"]
[BlackElo "2458"]
[PlyCount "65"]
[EventDate "2017.06.06"]
[EventType "team-swiss"]
[EventRounds "9"]
[EventCountry "CHN"]
[SourceTitle "CBM 178 Extra"]
[Source "ChessBase"]
[SourceDate "2017.06.22"]
[SourceVersion "1"]
[SourceVersionDate "2017.06.22"]
[SourceQuality "1"]
[WhiteTeam "Shenzhen"]
[BlackTeam "Qingdao"]
[WhiteTeamCountry "CHN"]
[BlackTeamCountry "CHN"]

1. d4 Nf6 2. c4 e6 3. Nf3 b6 4. g3 Ba6 5. Qa4 Bb7 6. Bg2 c5 7. dxc5 Bxc5 8. 0-0 0-0 9. Nc3 Na6 10. Bf4 Be7 11. Rad1 Qc8 12. Rd4 Rd8 13. Rfd1 d5 14. cxd5 Nxd5 15. Nxd5 Rxd5 16. Rxd5 Bxd5 17. Ne5 Bxg2 18. Kxg2 Nc5 19. Qb5 Bf6 20. Nc4 h6 21. Nd6 Qa6 22. Qc6 Rd8 23. b4 Qa4 24. Qc7 Qxd1 25. Qxf7+ Kh7 26. bxc5 Qxe2 27. c6 Rxd6 28. Bxd6 Qe4+ 29. Kh3 Qxc6 30. Qxe6 b5 31. f4 Qc4 32. Qf5+ Kg8 33. Be5 1/2-1/2

[Event "CHN-chT"]
[Site "China"]
[Date "2016.12.04"]
[Round "21.4"]
[White "Rapport, Richard"]
[Black "Yu, Kaifeng"]
[Result "1-0"]
[WhiteElo "2717"]
[BlackElo "2220"]
[PlyCount "83"]
[EventDate "2016.04.12"]
[EventType "team-tourn"]
[EventRounds "22"]
[EventCountry "CHN"]
[SourceTitle "EXT 2018"]
[Source "ChessBase"]
[SourceDate "2017.10.13"]
[SourceVersion "1"]
[SourceVersionDate "2017.10.13"]
[SourceQuality "1"]
[WhiteTeam "Chengdu"]
[BlackTeam "Shenzhen"]
[WhiteTeamCountry "CHN"]
[BlackTeamCountry "CHN"]

1. e4 c5 2. g3 Nc6 3. Bg2 g6 4. d3 Bg7 5. f4 d6 6. Nh3 e6 7. Nf2 Nge7 8. Nd2 d5 9. e5 Nf5 10. Nf3 h5 11. 0-0 Bd7 12. c3 Qe7 13. Re1 b5 14. d4 b4 15. Bh3 c4 16. Bd2 0-0 17. Bg2 a5 18. Ng5 a4 19. a3 bxa3 20. Rxa3 Rfb8 21. Bc1 Rb3 22. g4 hxg4 23. Qxg4 Nh6 24. Qh4 Rxa3 25. bxa3 Rb8 26. f5 gxf5 27. Nfh3 Rb1 28. Nf4 Na5 29. Nh5 Bh8 30. h3 Nb3 31. Bf4 Rxe1+ 32. Qxe1 Qxa3 33. Kh2 Qe7 34. Qg3 a3 35. Nf3+ Kh7 36. Bxh6 Kxh6 37. Qg8 Qe8 38. Qg5+ Kh7 39. Qh4 Qc8 40. Ng5+ Kg8 41. Nf6+ Kg7 42. Qh7+ 1-0

[Event "CHN-chT"]
[Site "China"]
[Date "2016.12.02"]
[Round "19.5"]
[White "Yu, Yangyi"]
[Black "Yu, Kaifeng"]
[Result "1-0"]
[WhiteElo "2738"]
[BlackElo "2220"]
[PlyCount "69"]
[EventDate "2016.04.12"]
[EventType "team-tourn"]
[EventRounds "22"]
[EventCountry "CHN"]
[SourceTitle "EXT 2018"]
[Source "ChessBase"]
[SourceDate "2017.10.13"]
[SourceVersion "1"]
[SourceVersionDate "2017.10.13"]
[SourceQuality "1"]
[WhiteTeam "Beijing"]
[BlackTeam "Shenzhen"]
[WhiteTeamCountry "CHN"]
[BlackTeamCountry "CHN"]

1. e4 c5 2. Nc3 d6 3. Nge2 Nf6 4. g3 g6 5. Bg2 Bg7 6. d3 Nc6 7. 0-0 0-0 8. h3 Nd7 9. Bg5 Rb8 10. a4 a6 11. Qd2 b5 12. Bh6 Bxh6 13. Qxh6 b4 14. Nb1 b3 15. c3 Nde5 16. Nc1 f5 17. Nd2 Be6 18. Qe3 Qb6 19. f4 Nf7 20. exf5 Bxf5 21. g4 Bd7 22. Ncxb3 e6 23. Rf2 Qc7 24. a5 Rb5 25. c4 Rb4 26. d4 cxd4 27. Nxd4 Nxa5 28. Qc3 Rfb8 29. Ne4 Kf8 30. Nf6 Ke7 31. Re1 Qxc4 32. Nd5+ Kf8 33. Nxb4 Rxb4 34. Nxe6+ Bxe6 35. Rxe6 1-0

[Event "Asia-chT Cup U14"]
[Site "Jiaxing"]
[Date "2016.11.11"]
[Round "8.6"]
[White "Chinguun, Sumiya"]
[Black "Yu, Kaifeng"]
[Result "0-1"]
[WhiteElo "2054"]
[BlackElo "2241"]
[PlyCount "140"]
[EventDate "2016.11.06"]
[EventType "swiss"]
[EventRounds "9"]
[EventCountry "CHN"]
[SourceTitle "EXT 2021"]
[Source "ChessBase"]
[SourceDate "2020.10.23"]
[SourceVersion "1"]
[SourceVersionDate "2020.10.23"]
[SourceQuality "1"]

1. e4 c5 2. Nf3 d6 3. d4 cxd4 4. Nxd4 Nf6 5. Nc3 a6 6. f4 e5 7. Nf3 Nbd7 8. a4 Qc7 9. Bd3 Be7 10. 0-0 0-0 11. Kh1 Nc5 12. Be3 b6 13. Qe2 Bb7 14. Bd2 Rad8 15. Rae1 Rfe8 16. b4 Nxd3 17. cxd3 exf4 18. Rc1 Qd7 19. Qf2 d5 20. e5 Ng4 21. Qxb6 d4 22. Ne2 Bxf3 23. Rxf3 Nxe5 24. Rxf4 Nxd3 25. Rxd4 Qxa4 26. Nc3 Qb3 27. Rxd8 Rxd8 28. Rf1 Qxb4 29. Qxa6 Qd4 30. Nd1 Nc5 31. Qe2 Qxd2 32. Qxe7 Qxd1 33. Qxf7+ Kh8 34. h3 Qd6 35. Re1 Qf8 36. Qc4 h6 37. Rf1 Qe7 38. Qc2 Ne4 39. Rf3 Qe5 40. Kg1 Qc5+ 41. Qxc5 Nxc5 42. Rc3 Rd5 43. Rc2 Kh7 44. Kh2 Ne4 45. Re2 Rd4 46. Ra2 h5 47. Ra5 Kh6 48. h4 Nf6 49. Kh3 Rd3+ 50. g3 Ne4 51. Ra6+ g6 52. Ra2 Rxg3+ 53. Kh2 Rg4 54. Kh3 Nd6 55. Rb2 Nf5 56. Kh2 Rxh4+ 57. Kg1 Kg5 58. Rb5 Ra4 59. Kg2 Kg4 60. Rb2 h4 61. Kh2 g5 62. Kg2 h3+ 63. Kh2 Nd4 64. Rb1 Kh4 65. Kh1 g4 66. Rg1 g3 67. Rf1 g2+ 68. Kh2 gxf1N+ 69. Kg1 Ra2 70. Kxf1 h2 0-1

[Event "Asia-chT Cup U14"]
[Site "Jiaxing"]
[Date "2016.11.08"]
[Round "4.1"]
[White "Derakhshani, Borna"]
[Black "Yu, Kaifeng"]
[Result "0-1"]
[WhiteElo "2229"]
[BlackElo "2241"]
[PlyCount "69"]
[EventDate "2016.11.06"]
[EventType "swiss"]
[EventRounds "9"]
[EventCountry "CHN"]
[SourceTitle "EXT 2021"]
[Source "ChessBase"]
[SourceDate "2020.10.23"]
[SourceVersion "1"]
[SourceVersionDate "2020.10.23"]
[SourceQuality "1"]

1. e4 c5 2. Nf3 d6 3. Bb5+ Bd7 4. Bxd7+ Qxd7 5. c4 Nc6 6. d4 cxd4 7. Nxd4 Nf6 8. Nc3 g6 9. f3 Bg7 10. Be3 0-0 11. Qd2 Rfc8 12. b3 Qd8 13. 0-0 Qa5 14. Rac1 a6 15. Nxc6 Rxc6 16. Nd5 Qxd2 17. Bxd2 Nxd5 18. cxd5 Bd4+ 19. Kh1 Rcc8 20. g4 Bb2 21. Rc4 b5 22. Rc6 Rxc6 23. dxc6 Rc8 24. Rb1 Ba3 25. Bc1 Bb4 26. g5 f6 27. Be3 Rxc6 28. Rc1 Rxc1+ 29. Bxc1 Kf7 30. Kg2 Ke6 31. Kf2 d5 32. Ke3 Bc5+ 33. Kd3 dxe4+ 34. fxe4 Ke5 35. h3 0-1

[Event "CHN-chT"]
[Site "China"]
[Date "2016.10.31"]
[Round "17.6"]
[White "Zhou, Weiqi"]
[Black "Yu, Kaifeng"]
[Result "0-1"]
[WhiteElo "2635"]
[BlackElo "2220"]
[PlyCount "66"]
[EventDate "2016.04.12"]
[EventType "team-tourn"]
[EventRounds "22"]
[EventCountry "CHN"]
[SourceTitle "EXT 2018"]
[Source "ChessBase"]
[SourceDate "2017.10.13"]
[SourceVersion "1"]
[SourceVersionDate "2017.10.13"]
[SourceQuality "1"]
[WhiteTeam "Chongqing"]
[BlackTeam "Shenzhen"]
[WhiteTeamCountry "CHN"]
[BlackTeamCountry "CHN"]

1. c4 e6 2. Nc3 d5 3. d4 Nf6 4. cxd5 exd5 5. Bg5 Be7 6. e3 0-0 7. Bd3 c6 8. Nge2 Nbd7 9. 0-0 Re8 10. Qc2 Nf8 11. Rae1 Bg4 12. f3 Bh5 13. Nf4 Bg6 14. Nxg6 Nxg6 15. Kh1 Qd6 16. Qb3 b5 17. Bxg6 hxg6 18. Bf4 Qd7 19. Ne2 Nh5 20. Be5 Bd6 21. Bxd6 Qxd6 22. g4 Nf6 23. Rc1 Nd7 24. e4 dxe4 25. fxe4 Nf6 26. e5 Qd7 27. h3 Rad8 28. Ng3 Nh7 29. Ne4 Qxd4 30. Qxf7+ Kh8 31. Qxg6 Qxe5 32. Rce1 Re6 33. Qf5 Rde8 0-1

[Event "CHN-chT"]
[Site "China"]
[Date "2016.09.24"]
[Round "13.5"]
[White "Yu, Kaifeng"]
[Black "Lin, Chen"]
[Result "0-1"]
[WhiteElo "2220"]
[BlackElo "2526"]
[PlyCount "60"]
[EventDate "2016.04.12"]
[EventType "team-tourn"]
[EventRounds "22"]
[EventCountry "CHN"]
[SourceTitle "EXT 2017"]
[Source "ChessBase"]
[SourceDate "2016.10.25"]
[SourceVersion "1"]
[SourceVersionDate "2016.10.25"]
[SourceQuality "1"]
[WhiteTeam "Shenzhen"]
[BlackTeam "Jiangsu"]
[WhiteTeamCountry "CHN"]
[BlackTeamCountry "CHN"]

1. Nf3 Nf6 2. c4 g6 3. d4 Bg7 4. Nc3 d6 5. e4 Bg4 6. Be2 0-0 7. 0-0 Nfd7 8. Be3 Nc6 9. d5 Bxf3 10. Bxf3 Na5 11. Be2 Bxc3 12. bxc3 e5 13. Rb1 Qe7 14. Qc1 b6 15. Bg5 f6 16. Bh6 Rfe8 17. Rd1 Nc5 18. Qe3 Kh8 19. Rb4 Nab7 20. h4 Nd8 21. Qf3 g5 22. Bd3 Nf7 23. Bxg5 fxg5 24. h5 Nh6 25. g4 Rf8 26. Qg2 Qf6 27. Be2 Nxe4 28. Qxe4 Qxf2+ 29. Kh1 Qh4+ 30. Kg1 Rf2 0-1

[Event "CHN-ch blitz"]
[Site "Shenzhen"]
[Date "2016.08.26"]
[Round "7"]
[White "Dai, Changren"]
[Black "Yu, Kaifeng"]
[Result "1-0"]
[WhiteElo "2449"]
[BlackElo "2243"]
[PlyCount "53"]
[EventDate "2016.08.25"]
[EventType "swiss (blitz)"]
[EventRounds "9"]
[EventCountry "CHN"]
[SourceTitle "CBM 174 Extra"]
[Source "ChessBase"]
[SourceDate "2016.10.10"]
[SourceVersion "1"]
[SourceVersionDate "2016.10.10"]
[SourceQuality "1"]

1. e4 c5 2. Nc3 Nc6 3. Nf3 g6 4. d4 cxd4 5. Nxd4 Bg7 6. Be3 Nf6 7. Bc4 0-0 8. Bb3 d6 9. f3 Bd7 10. Qd2 Rc8 11. 0-0-0 Ne5 12. Kb1 a6 13. h4 h5 14. g4 hxg4 15. h5 Nxh5 16. Rdg1 Rxc3 17. bxc3 Qc7 18. Bh6 Rc8 19. Rxh5 Qxc3 20. Rhh1 Nxf3 21. Qxc3 Rxc3 22. Nxf3 gxf3 23. Bd2 Rxb3+ 24. axb3 Bd4 25. Rg3 f2 26. Be3 f5 27. exf5 1-0

[Event "CHN-ch rapid"]
[Site "Shenzhen"]
[Date "2016.08.25"]
[Round "6"]
[White "Bai, Jinshi"]
[Black "Yu, Kaifeng"]
[Result "1-0"]
[WhiteElo "2537"]
[BlackElo "2243"]
[PlyCount "67"]
[EventDate "2016.08.24"]
[EventType "swiss (rapid)"]
[EventRounds "9"]
[EventCountry "CHN"]
[SourceTitle "CBM 174 Extra"]
[Source "ChessBase"]
[SourceDate "2016.10.10"]
[SourceVersion "1"]
[SourceVersionDate "2016.10.10"]
[SourceQuality "1"]

1. d4 Nf6 2. c4 e6 3. g3 d5 4. Bg2 Be7 5. Nf3 0-0 6. Qc2 c6 7. 0-0 b6 8. Rd1 Bb7 9. Nc3 Nbd7 10. b3 Rc8 11. e4 c5 12. exd5 exd5 13. Bb2 dxc4 14. d5 cxb3 15. axb3 Re8 16. Rxa7 Rb8 17. Bc1 Qc8 18. Nd2 Ra8 19. Rxb7 Qxb7 20. d6 Qc8 21. dxe7 Rb8 22. Nc4 Rxe7 23. Bf4 Rb7 24. Nd6 Qf8 25. Nxb7 Re6 26. Bh3 Qa8 27. Bxe6 fxe6 28. Nd6 Nf8 29. Nde4 Nd5 30. Nxd5 exd5 31. Nc3 d4 32. Qe4 Qc8 33. Qd5+ Kh8 34. Ne4 1-0

[Event "CHN-ch rapid"]
[Site "Shenzhen"]
[Date "2016.08.25"]
[Round "9"]
[White "Guo, Yu"]
[Black "Yu, Kaifeng"]
[Result "1-0"]
[WhiteElo "2407"]
[BlackElo "2243"]
[PlyCount "112"]
[EventDate "2016.08.24"]
[EventType "swiss (rapid)"]
[EventRounds "9"]
[EventCountry "CHN"]
[SourceTitle "CBM 174 Extra"]
[Source "ChessBase"]
[SourceDate "2016.10.10"]
[SourceVersion "1"]
[SourceVersionDate "2016.10.10"]
[SourceQuality "1"]

1. d4 Nf6 2. Nf3 g6 3. c4 Bg7 4. Nc3 0-0 5. g3 d6 6. Bg2 c6 7. 0-0 a6 8. e3 Qc7 9. b3 Re8 10. Bb2 e5 11. Rc1 h6 12. c5 exd4 13. cxd6 Qxd6 14. Qxd4 Qxd4 15. Nxd4 Nbd7 16. Rfd1 Nb6 17. h3 Bd7 18. Ba3 Bf8 19. Bxf8 Kxf8 20. e4 c5 21. Nc2 Bc6 22. Rd6 Re6 23. Rxe6 fxe6 24. e5 Bxg2 25. Kxg2 Nfd7 26. f4 Ke7 27. Ne3 Rc8 28. Kf3 Rf8 29. Ke4 Rd8 30. Rd1 Nb8 31. Rxd8 Kxd8 32. g4 Nc6 33. f5 gxf5+ 34. gxf5 exf5+ 35. Nxf5 Nd7 36. e6 Nf6+ 37. Kf4 Nd4 38. Ke5 Nxf5 39. Kxf5 Ke7 40. Na4 c4 41. bxc4 Ne8 42. Ke5 Nc7 43. Nc5 b6 44. Nd7 b5 45. cxb5 axb5 46. Nc5 b4 47. h4 h5 48. Nd3 Nxe6 49. Nxb4 Nf8 50. Kf5 Kd6 51. Nd3 Kc6 52. Nf4 Kb5 53. Nxh5 Ka4 54. Nf6 Ka3 55. h5 Kxa2 56. Ke5 Kb3 1-0

[Event "CHN-ch rapid"]
[Site "Shenzhen"]
[Date "2016.08.24"]
[Round "5"]
[White "Li, Di"]
[Black "Yu, Kaifeng"]
[Result "1/2-1/2"]
[WhiteElo "2426"]
[BlackElo "2243"]
[PlyCount "89"]
[EventDate "2016.08.24"]
[EventType "swiss (rapid)"]
[EventRounds "9"]
[EventCountry "CHN"]
[SourceTitle "CBM 174 Extra"]
[Source "ChessBase"]
[SourceDate "2016.10.10"]
[SourceVersion "1"]
[SourceVersionDate "2016.10.10"]
[SourceQuality "1"]

1. d4 Nf6 2. c4 e6 3. g3 d5 4. Bg2 Be7 5. Nf3 0-0 6. Nc3 c6 7. 0-0 b6 8. Qd3 Bb7 9. Rd1 Na6 10. a3 Rc8 11. e4 c5 12. cxd5 exd5 13. exd5 c4 14. Qf1 Nxd5 15. Ne5 Nxc3 16. bxc3 Bd5 17. Rb1 f6 18. Ng4 Nc7 19. Ne3 Bxg2 20. Qxg2 Qd7 21. Qb7 b5 22. a4 a6 23. axb5 axb5 24. Ra1 Rb8 25. Qf3 Ra8 26. Rxa8 Rxa8 27. Nf5 Bf8 28. d5 Ra1 29. d6 Ne8 30. Qd5+ Kh8 31. Re1 h6 32. Nh4 Qxd6 33. Ng6+ Kh7 34. Qe4 f5 35. Qxf5 Qxg6 36. Qxf8 Nf6 37. Kg2 Qf5 38. Re7 Qd5+ 39. Kh3 Qh5+ 40. Kg2 Qd5+ 41. Kh3 Qf5+ 42. Kg2 Qd5+ 43. Kh3 Qh5+ 44. Kg2 Qd5+ 45. Kh3 1/2-1/2

[Event "CHN-chB"]
[Site "Harbin"]
[Date "2016.07.21"]
[Round "10"]
[White "Yu, Kaifeng"]
[Black "Li, Yankai"]
[Result "0-1"]
[WhiteElo "2251"]
[BlackElo "2234"]
[PlyCount "58"]
[EventDate "2016.07.17"]
[EventType "swiss"]
[EventRounds "11"]
[EventCountry "CHN"]
[SourceTitle "CBM 173 Extra"]
[Source "ChessBase"]
[SourceDate "2016.08.29"]
[SourceVersion "1"]
[SourceVersionDate "2016.08.29"]
[SourceQuality "1"]

1. d4 Nf6 2. c4 e6 3. Nf3 b6 4. g3 Bb7 5. Bg2 Be7 6. 0-0 0-0 7. Nc3 Ne4 8. Qc2 Nxc3 9. Qxc3 c5 10. dxc5 bxc5 11. Bf4 d6 12. Rad1 Nc6 13. e4 Qc7 14. e5 dxe5 15. Nxe5 Nd4 16. Rfe1 Bxg2 17. Kxg2 g5 18. Bc1 f6 19. Nf3 Qc6 20. Rxd4 cxd4 21. Qxd4 f5 22. h3 Bf6 23. Re5 Bxe5 24. Qxe5 h6 25. Qb5 Qe4 26. Qe5 Qxc4 27. Bd2 Qd5 28. Bc3 Qxe5 29. Nxe5 Rad8 0-1